Financovanie študentskej organizácie Erasmus student network vo vybraných krajinách diplomová práca

Gespeichert in:
Bibliographische Detailangaben
1. Verfasser: Vaverková, Veronika
Körperschaft: Národohospodárska fakulta EU. Katedra financií
Weitere Verfasser: Beličková, Kornélia, 1966-
Format: Buch
Sprache:Slowakisch
Veröffentlicht: Bratislava 2015
Tags: Tag hinzufügen
Keine Tags, Fügen Sie das erste Tag hinzu!

MARC

LEADER 00000nbm a2200000 4500
001 0201073
005 20161212095254.2
041 0 |a slo 
044 |a SK 
245 1 0 |a Financovanie študentskej organizácie Erasmus student network vo vybraných krajinách  |b diplomová práca  |c Veronika Vaverková ; školiteľ: Kornélia Beličková 
264 1 |a Bratislava  |c 2015 
300 |a 70 s. 
100 1 |a Vaverková, Veronika 
700 1 |a Beličková, Kornélia, 1966- 
710 2 |a Národohospodárska fakulta EU. Katedra financií